[Event "Bundesliga 2021-22"]
[Site "Berlin GER"]
[Date "2022.07.10"]
[Round "15.3"]
[Board "2"]
[White "Fridman, Daniel"]
[Black "Schroeder, Jan-Christian"]
[Result "1-0"]
[WhiteTitle "GM"]
[BlackTitle "GM"]
[WhiteElo "2628"]
[BlackElo "2564"]
[WhiteTeam "SV Muelheim Nord"]
[BlackTeam "SF Berlin"]
[WhiteFideId "11600454"]
[BlackFideId "24662259"]
[EventDate "2022.03.05"]

1. c4 Nf6 2. g3 g6 3. Bg2 Bg7 4. Nc3 O-O 5. d4 d6 6. Nf3 c5 7. O-O Nc6 8. dxc5
dxc5 9. Be3 Be6 10. Ng5 Qxd1 11. Rfxd1 Bxc4 12. Bxc5 h6 13. Nf3 Rac8 14. Nd4
Nxd4 15. Bxd4 b6 16. b3 Ba6 17. a4 Rfd8 18. Nb5 Bxb5 19. axb5 Rxd4 20. Rxd4 Nd5
21. Bxd5 Bxd4 22. Rxa7 Rd8 23. Bc4 Bc5 24. Kg2 Kf8 25. Rb7 Rd6 26. h4 g5 27. h5
Rf6 28. e3 Rd6 29. Kf3 Rf6+ 30. Ke2 Rd6 31. f4 gxf4 32. exf4 Kg7 33. Rb8 Rd4 34.
Rc8 e6 35. Kf3 Rd6 36. g4 Rd4 37. Rc6 Kf6 38. f5 Rd6 39. fxe6 fxe6 40. Rc8 Rd4
41. Rg8 Ke5 42. g5 Rf4+ 43. Kg3 Rf5 44. gxh6 Rxh5 45. Rh8 Be7 46. Be2 Bf6 47.
Rh7 Rg5+ 48. Kh3 Rg1 49. Kh2 Rg6 50. Bd3 Rg4 51. Bc4 Rg6 52. Bd3 Rg4 53. Rb7
Rh4+ 54. Kg2 Rxh6 55. Rxb6 Kd4 56. Bc4 Be5 57. Rc6 Ke3 58. b6 Bf4 59. Ba6 Rh2+
60. Kg1 Rb2 61. Rxe6+ Kd4 62. Bc4 Rh2 63. b7 Rh7 64. Ba6 Rh3 65. b4 Kd5 66. Re8
Rh6 67. b5 Rb6 68. Rc8 Ke6 69. Kf2 Kd7 70. Ke2 Bc7 71. Kd3 Bg3 72. Kc4 Bh2 73.
Kd5 Bg3 74. Rg8 Bf4 75. Rg4 Bh2 76. Rg7+ Kd8 77. Rg8+ Kd7 78. Kc5 Bc7 79. Rc8 1-0

[Event "Bundesliga 2021-22"]
[Site "Berlin GER"]
[Date "2022.07.10"]
[Round "15.3"]
[Board "3"]
[White "Tomczak, Jacek"]
[Black "Beerdsen, Thomas"]
[Result "1-0"]
[WhiteTitle "GM"]
[BlackTitle "IM"]
[WhiteElo "2584"]
[BlackElo "2496"]
[WhiteTeam "SF Berlin"]
[BlackTeam "SV Muelheim Nord"]
[WhiteFideId "1124668"]
[BlackFideId "1030108"]
[EventDate "2022.03.05"]

1. e4 c5 2. Nf3 d6 3. d4 cxd4 4. Nxd4 Nf6 5. Nc3 a6 6. Bg5 e6 7. f4 Be7 8. Qf3
Qc7 9. O-O-O Nbd7 10. g4 h6 11. Bxf6 Bxf6 12. h4 Nb6 13. Be2 Bd7 14. g5 Bxd4 15.
Rxd4 O-O-O 16. Rhd1 Bc6 17. g6 f6 18. Qh3 Qe7 19. Nd5 Bxd5 20. exd5 f5 21. dxe6
Qxe6 22. Rb4 d5 23. Qc3+ Kb8 24. Bxa6 bxa6 25. Re1 Qxg6 26. h5 Qd6 27. Qd4 Kc7
28. Rxb6 Qxb6 29. Re7+ Kd6 30. Qxb6+ Kxe7 31. Qc7+ Rd7 32. Qe5+ Kf7 33. Qxf5+
Ke7 34. Qg6 Kd8 35. Qxa6 Re8 36. Qb6+ Kc8 37. Qc6+ Kd8 38. Qb6+ Kc8 39. Qc5+ Kd8
40. a4 d4 41. Kd2 1-0

[Event "Bundesliga 2021-22"]
[Site "Berlin GER"]
[Date "2022.07.10"]
[Round "15.3"]
[Board "4"]
[White "Saltaev, Mihail"]
[Black "Kraemer, Martin"]
[Result "1/2-1/2"]
[WhiteTitle "GM"]
[BlackTitle "GM"]
[WhiteElo "2482"]
[BlackElo "2584"]
[WhiteTeam "SV Muelheim Nord"]
[BlackTeam "SF Berlin"]
[WhiteFideId "14200058"]
[BlackFideId "4671910"]
[EventDate "2022.03.05"]

1. e4 e5 2. Nf3 Nc6 3. Bb5 Nf6 4. d3 Bc5 5. c3 O-O 6. O-O d6 7. Bg5 h6 8. Bh4 g5
9. Bg3 Nh5 10. d4 exd4 11. Nxd4 Nxg3 12. hxg3 Ne5 13. Nd2 c6 14. Be2 Qf6 15. Nc4
Nxc4 16. Bxc4 Be6 17. Nxe6 fxe6 18. Qe2 d5 19. e5 Qg7 20. Bd3 Rf7 21. Kh2 g4 22.
f4 a5 23. c4 Raf8 24. Rac1 b6 25. a3 a4 26. Bc2 Kh8 27. Bd1 Rg8 28. Bxa4 Rf5 29.
Rf2 Qf7 30. Rc3 Rgg5 31. b4 Rxe5 32. Qd2 Bxf2 33. Qxf2 Rgf5 34. Bc2 dxc4 35.
Bxf5 Rxf5 36. Rxc4 c5 1/2-1/2

[Event "Bundesliga 2021-22"]
[Site "Berlin GER"]
[Date "2022.07.10"]
[Round "15.3"]
[Board "5"]
[White "Jakubowski, Krzysztof"]
[Black "Zelbel, Patrick"]
[Result "1/2-1/2"]
[WhiteTitle "GM"]
[BlackTitle "IM"]
[WhiteElo "2475"]
[BlackElo "2458"]
[WhiteTeam "SF Berlin"]
[BlackTeam "SV Muelheim Nord"]
[WhiteFideId "1112848"]
[BlackFideId "24624322"]
[EventDate "2022.03.05"]

1. d4 Nf6 2. Nf3 g6 3. Bg5 Bg7 4. Nbd2 O-O 5. c3 d6 6. e4 c5 7. dxc5 dxc5 8. Bc4
Nc6 9. O-O Qc7 10. Re1 h6 11. Bh4 Nh5 12. Qc2 Na5 13. Bf1 Be6 14. Qa4 a6 15.
Bxe7 b5 16. Bd6 Qxd6 17. Qxa5 Qc6 18. a4 Rfb8 19. e5 Nf4 20. axb5 axb5 21. Bxb5
Rxa5 22. Bxc6 Rxa1 23. Rxa1 Rxb2 24. Ne4 Rb6 25. Ba8 Nd3 26. h3 Nxe5 27. Nxc5
Nxf3+ 28. Bxf3 Bxc3 29. Ra8+ Kg7 30. Nxe6+ Rxe6 1/2-1/2

[Event "Bundesliga 2021-22"]
[Site "Berlin GER"]
[Date "2022.07.10"]
[Round "15.3"]
[Board "6"]
[White "Hausrath, Daniel"]
[Black "Hess, Max"]
[Result "1/2-1/2"]
[WhiteTitle "GM"]
[BlackTitle "FM"]
[WhiteElo "2480"]
[BlackElo "2392"]
[WhiteTeam "SV Muelheim Nord"]
[BlackTeam "SF Berlin"]
[WhiteFideId "4617495"]
[BlackFideId "24656666"]
[EventDate "2022.03.05"]

1. Nf3 d5 2. g3 Nf6 3. Bg2 e6 4. d4 b5 5. a4 b4 6. c4 bxc3 7. Nxc3 Be7 8. Bf4
O-O 9. Nb5 a6 10. Nxc7 Ra7 11. Ne8 Rxe8 12. Bxb8 Qa5+ 13. Nd2 Rb7 14. Bf4 Rxb2
15. O-O Qb4 16. Nf3 Ne4 17. Qd3 Rb3 18. Qc2 Bd7 19. Nd2 Rb2 20. Qc7 Nf6 21. Rfb1
Bd8 22. Qa7 Bb6 23. Qxa6 Bxd4 24. h3 Nh5 25. Rxb2 Bxb2 26. Rb1 Nxf4 27. gxf4
Qxd2 28. Qb7 Bxa4 29. Qxb2 Qxf4 30. Qa3 Bc2 31. Rb4 Qd6 32. Qc3 Bg6 33. Bf3 Rb8
34. Rg4 e5 35. Qd2 Bh5 36. Bxd5 Rd8 37. Ra4 Qd7 38. Ra5 h6 39. Qe3 Qf5 40. Be4
Qg5+ 41. Qxg5 hxg5 42. Rxe5 1/2-1/2

[Event "Bundesliga 2021-22"]
[Site "Berlin GER"]
[Date "2022.07.10"]
[Round "15.3"]
[Board "7"]
[White "Schmidek, Emil"]
[Black "Feygin, Michael"]
[Result "1/2-1/2"]
[WhiteTitle "FM"]
[BlackTitle "GM"]
[WhiteElo "2383"]
[BlackElo "2456"]
[WhiteTeam "SF Berlin"]
[BlackTeam "SV Muelheim Nord"]
[WhiteFideId "12908150"]
[BlackFideId "14103109"]
[EventDate "2022.03.05"]

1. d4 Nf6 2. c4 e6 3. Nc3 Bb4 4. Bd2 b6 5. f3 O-O 6. e4 d6 7. a3 Bxc3 8. Bxc3
Nbd7 9. Be2 e5 10. Nh3 Qe7 11. O-O a5 12. b4 axb4 13. axb4 Bb7 14. Qb3 Rfe8 15.
d5 Nf8 16. Rxa8 Rxa8 17. Ra1 Rxa1+ 18. Bxa1 Bc8 19. Nf2 Nh5 20. Qe3 Nf4 21. Bf1
Qg5 22. Kh1 h6 23. g3 Nh3 24. Qxg5 Nxf2+ 25. Kg2 hxg5 26. Kxf2 f6 27. Bc3 Kf7
28. Ke3 Ke7 29. Kd3 Bd7 30. Bd2 Ba4 31. Be2 Nd7 32. Be3 Kf7 33. Kc3 Ke7 34. Kd2
Bb3 35. Ke1 Kf7 36. Kd2 Ke7 37. Kc1 Kf7 38. Kb2 Ba4 39. Ka3 Bc2 40. Kb2 Ba4 41.
Kc1 Bb3 42. Bf1 Ke7 43. Kd2 Kd8 44. Ke1 Bc2 45. Kd2 Bb3 1/2-1/2

[Event "Bundesliga 2021-22"]
[Site "Berlin GER"]
[Date "2022.07.10"]
[Round "15.3"]
[Board "8"]
[White "Dinstuhl, Volkmar"]
[Black "Carmesin, Leon Lucas Finn"]
[Result "1-0"]
[WhiteTitle "IM"]
[WhiteElo "2393"]
[BlackElo "1739"]
[WhiteTeam "SV Muelheim Nord"]
[BlackTeam "SF Berlin"]
[WhiteFideId "4613562"]
[BlackFideId "34601155"]
[EventDate "2022.03.05"]

1. c4 e5 2. Nc3 Nf6 3. Nf3 Nc6 4. d3 Bb4 5. Bg5 d6 6. Rc1 h6 7. Bxf6 Qxf6 8. e3
O-O 9. Be2 Bf5 10. O-O Bxc3 11. Rxc3 Rad8 12. Nd2 Ne7 13. Qa4 a6 14. Bf3 Bc8 15.
Qc2 c6 16. Re1 Ng6 17. g3 Qe7 18. Bg2 f5 19. Qd1 Rf6 20. f4 Re8 21. Rc1 Re6 22.
Nf3 Qc7 23. d4 exf4 24. exf4 Rxe1+ 25. Nxe1 Qb6 26. Qd2 Be6 27. Nf3 Bf7 28. Bh3
Ne7 29. b3 Qc7 30. Re1 Qd7 31. Nh4 g6 32. Bg2 Qc7 33. Nf3 b5 34. Qc3 Kh7 35. h3
bxc4 36. bxc4 Qb6 37. Kh2 a5 38. d5 cxd5 39. Qf6 Kg8 40. Nd4 Qb2 41. cxd5 Nxd5
42. Rxe8+ Bxe8 43. Qxd6 Bf7 44. Ne6 Qb4 45. Qxd5 Qe7 46. Qa8+ Kh7 47. Nd4 Qe3
48. Nc6 1-0

[Event "Bundesliga 2021-22"]
[Site "Berlin GER"]
[Date "2022.07.10"]
[Round "15.4"]
[Board "1"]
[White "Rabiega, Robert"]
[Black "Shevchenko, Kirill"]
[Result "0-1"]
[WhiteTitle "GM"]
[BlackTitle "GM"]
[WhiteElo "2505"]
[BlackElo "2652"]
[WhiteTeam "SK Koenig Tegel"]
[BlackTeam "SV Werder Bremen"]
[WhiteFideId "4601475"]
[BlackFideId "14129574"]
[EventDate "2022.03.05"]

1. e4 c5 2. Nf3 Nc6 3. c3 d5 4. exd5 Qxd5 5. d4 Nf6 6. Be3 Bg4 7. Be2 e6 8. O-O
cxd4 9. Nxd4 Bxe2 10. Qxe2 Be7 11. Rd1 O-O 12. c4 Nxd4 13. Bxd4 Qc6 14. Nc3 Rfd8
15. b3 a6 16. a4 Nd7 17. h3 Rac8 18. Rd3 Nc5 19. Bxc5 Rxd3 20. Qxd3 Bxc5 21. Rd1
h6 22. Qd7 Rb8 23. Kf1 Bb4 24. Ne2 Qxd7 25. Rxd7 Kf8 26. g4 Ke8 27. Rd3 Ke7 28.
f4 g5 29. Kg2 a5 30. Kf3 gxf4 31. Nxf4 Bd6 32. h4 Rc8 33. Re3 Rc5 34. Nd5+ Kf8
35. Nf6 Rc6 36. h5 Be7 37. Nd7+ Ke8 38. Ne5 Rc8 39. Rd3 Rc5 40. Ke4 b6 41. Nf3
Bd8 42. Rd2 Bc7 43. Rg2 Kf8 44. Rd2 Ke7 45. Rg2 Bd6 46. Rg1 Rc8 47. Nh4 Bc5 48.
Rd1 Bd6 49. Kf3 Be5 50. Re1 Bf6 51. Nf5+ Kf8 52. Nd6 Rd8 53. Ne4 Ke7 54. Re3 Be5
55. Ke2 Rd4 56. Nf2 Bd6 57. Rh3 Bf4 58. Rd3 Rxd3 59. Nxd3 Bd6 60. Kf3 Kf6 61.
Nc1 Kg5 62. Ne2 Be5 63. Nc1 f5 64. gxf5 exf5 0-1

[Event "Bundesliga 2021-22"]
[Site "Berlin GER"]
[Date "2022.07.10"]
[Round "15.4"]
[Board "2"]
[White "McShane, Luke J"]
[Black "Bruedigam, Martin"]
[Result "1-0"]
[WhiteTitle "GM"]
[BlackTitle "IM"]
[WhiteElo "2647"]
[BlackElo "2386"]
[WhiteTeam "SV Werder Bremen"]
[BlackTeam "SK Koenig Tegel"]
[WhiteFideId "404853"]
[BlackFideId "24608033"]
[EventDate "2022.03.05"]

1. e4 e5 2. Nf3 Nc6 3. Bb5 Nf6 4. d3 Bc5 5. Bxc6 dxc6 6. O-O Nd7 7. Nbd2 Qe7 8.
Nc4 f6 9. c3 Nb6 10. b4 Bd6 11. Na5 O-O 12. a3 Kh8 13. Re1 c5 14. Be3 c6 15. Qc2
Rb8 16. Nd2 Be6 17. Nab3 Nd7 18. Nc4 b6 19. Nxd6 Qxd6 20. Red1 Qe7 21. Nd2 Rfc8
22. f3 Ra8 23. bxc5 Nxc5 24. d4 Nb7 25. a4 Na5 26. Bf2 Rd8 27. Rab1 h6 28. Nf1
Rd7 29. Re1 Re8 30. h3 Qf7 31. Qb2 Ba2 32. Ra1 Be6 33. Qa3 Red8 34. Rab1 Nb3 35.
dxe5 fxe5 36. Bh4 Re8 37. Rbd1 Na5 38. Ne3 Rxd1 39. Rxd1 Bxh3 40. gxh3 Qxf3 41.
Re1 Nc4 42. Nxc4 Re6 43. Nxe5 Rxe5 44. Qd6 Rxe4 45. Rxe4 Qxe4 46. Qd4 Qf3 47.
Kh2 c5 48. Qc4 Qe3 49. Kg2 Qd2+ 50. Bf2 Qc2 51. h4 Qg6+ 52. Kf3 Qf5+ 53. Ke3 Qc2
54. Bg3 Qc1+ 55. Ke4 Qh1+ 56. Kf4 Qc6 57. Ke3 Qf6 58. Kd2 Qc6 59. Be5 Qg2+ 60.
Qe2 Qd5+ 61. Kc1 Qh1+ 62. Kb2 Qxh4 63. c4 Qe7 64. Qh5 Kh7 65. Qf5+ g6 66. Qf4 h5
67. Kb3 g5 68. Qf5+ Kh6 69. a5 bxa5 70. Ka4 h4 71. Bf6 Qe3 72. Be5 Qd2 73. Qe6+
Kh5 74. Qf7+ Kg4 75. Kb5 Qb4+ 76. Kc6 Qb6+ 77. Kd5 h3 78. Qd7+ Kh4 79. Qh7+ Kg4
80. Qd7+ Kh4 81. Qh7+ Kg4 82. Qe4+ Kh5 83. Qf3+ g4 84. Qf5+ Kh4 85. Bf6+ Kg3 86.
Be5+ Kh4 87. Qh7+ Kg5 88. Bd6 Qb2 89. Qg8+ Kh5 90. Qf7+ Kh4 91. Qe7+ Kh5 92.
Kxc5 Qf2+ 93. Kc6 g3 94. Qe5+ Kg4 95. Qe4+ Kh5 96. Qe8+ Kg4 97. Qe4+ Kh5 98. Kd7
h2 99. c5 Qf7+ 100. Be7 Qf2 101. c6 g2 102. Qd5+ Kg4 103. Qe4+ Kh3 104. Qe6+ Kg3
105. Bd6+ Kf3 106. Qf5+ 1-0

[Event "Bundesliga 2021-22"]
[Site "Berlin GER"]
[Date "2022.07.10"]
[Round "15.4"]
[Board "3"]
[White "Fruebing, Stefan"]
[Black "Fressinet, Laurent"]
[Result "1/2-1/2"]
[WhiteTitle "IM"]
[BlackTitle "GM"]
[WhiteElo "2374"]
[BlackElo "2630"]
[WhiteTeam "SK Koenig Tegel"]
[BlackTeam "SV Werder Bremen"]
[WhiteFideId "4682165"]
[BlackFideId "608742"]
[EventDate "2022.03.05"]

1. e4 e5 2. Nc3 Nc6 3. Nf3 Nf6 4. d4 exd4 5. Nxd4 Bc5 6. Be3 Bb6 7. Qd2 Ng4 8.
Nf5 Nxe3 9. Nxe3 d6 10. Ncd5 Ne7 11. Nxb6 axb6 12. f4 O-O 13. Bd3 Kh8 14. c4 f5
15. O-O Be6 16. b3 Qd7 17. a4 Qc6 18. Rae1 Qc5 19. Kh1 Rae8 20. Qc2 fxe4 21.
Bxe4 Bg8 22. Qd2 Nc6 23. Nc2 Qa5 24. Qd3 Nb4 25. Nxb4 Qxb4 26. Re3 c6 27. g3 d5
28. cxd5 cxd5 29. Bg2 Rxe3 30. Qxe3 d4 31. Qd3 Re8 32. Bxb7 Re3 33. Qb5 Qxb5 34.
axb5 d3 35. Kg2 Bxb3 36. Rf2 Bc4 37. Bc6 g6 38. Rd2 Kg7 39. Kf2 Re6 40. Kf3 Kf6
41. Kf2 Ke7 42. Kf3 Re1 43. Kf2 Re6 44. Kf3 Kf6 45. Kf2 h6 46. Kf3 Re7 47. Kf2
Kf5 48. Kf3 g5 49. Be4+ Kf6 50. fxg5+ hxg5 51. Bxd3 Be6 52. Be4 Rd7 53. Rxd7
Bxd7 54. Bc6 Bf5 55. g4 Bg6 56. Kg3 Bd3 57. h4 gxh4+ 58. Kxh4 Kg6 59. Be8+ Kh6
60. g5+ Kg7 61. Kg4 Be2+ 62. Kf4 Bc4 63. Ke5 Be2 64. Ke6 Bxb5 65. Bxb5 Kg6 66.
Kd6 Kxg5 67. Kc6 Kf6 68. Kxb6 1/2-1/2

[Event "Bundesliga 2021-22"]
[Site "Berlin GER"]
[Date "2022.07.10"]
[Round "15.4"]
[Board "4"]
[White "Efimenko, Zahar"]
[Black "Mueller, Nick"]
[Result "1/2-1/2"]
[WhiteTitle "GM"]
[BlackTitle "FM"]
[WhiteElo "2597"]
[BlackElo "2375"]
[WhiteTeam "SV Werder Bremen"]
[BlackTeam "SK Koenig Tegel"]
[WhiteFideId "14107201"]
[BlackFideId "24692093"]
[EventDate "2022.03.05"]

1. Nf3 d5 2. b3 g6 3. Bb2 Nf6 4. c4 Bg7 5. g3 O-O 6. Bg2 b6 7. cxd5 Bb7 8. O-O
Bxd5 9. Nc3 Bb7 10. d4 Na6 11. Rc1 c5 12. dxc5 Nxc5 13. b4 Ne6 14. Nb5 a5 15.
Nc7 Nxc7 16. Qxd8 Rfxd8 17. Rxc7 Bxf3 18. Bxf3 Nd5 19. Bxd5 Rxd5 20. Bxg7 Kxg7
21. Rxe7 axb4 22. Rb1 Kf8 23. Rb7 Rxa2 24. Rxb4 1/2-1/2

[Event "Bundesliga 2021-22"]
[Site "Berlin GER"]
[Date "2022.07.10"]
[Round "15.4"]
[Board "5"]
[White "Rietze, Clemens"]
[Black "Pruijssers, Roeland"]
[Result "1-0"]
[WhiteTitle "FM"]
[BlackTitle "GM"]
[WhiteElo "2279"]
[BlackElo "2570"]
[WhiteTeam "SK Koenig Tegel"]
[BlackTeam "SV Werder Bremen"]
[WhiteFideId "24620351"]
[BlackFideId "1013068"]
[EventDate "2022.03.05"]

1. d4 f5 2. c4 Nf6 3. Nc3 d6 4. Bg5 Nbd7 5. Qc2 g6 6. h4 c6 7. O-O-O Qa5 8. Kb1
e5 9. e4 Nxe4 10. Nxe4 fxe4 11. Ne2 Bg7 12. d5 O-O 13. Ng3 cxd5 14. Be7 Rf4 15.
Rxd5 Qb6 16. c5 dxc5 17. Bc4 Kh8 18. h5 Qe6 19. hxg6 Qxg6 20. Rd6 Qe8 21. Nxe4 1-0

[Event "Bundesliga 2021-22"]
[Site "Berlin GER"]
[Date "2022.07.10"]
[Round "15.4"]
[Board "6"]
[White "Reuker, Jari"]
[Black "Jahnz, Fabian"]
[Result "1-0"]
[BlackTitle "FM"]
[WhiteElo "2425"]
[BlackElo "2245"]
[WhiteTeam "SV Werder Bremen"]
[BlackTeam "SK Koenig Tegel"]
[WhiteFideId "12909300"]
[BlackFideId "4653300"]
[EventDate "2022.03.05"]

1. Nf3 d5 2. c4 c6 3. d4 Nf6 4. Nbd2 Bf5 5. Nh4 Be4 6. Qb3 Qd7 7. f3 Bg6 8. e3
e6 9. Be2 Be7 10. O-O Qc7 11. g3 Nbd7 12. cxd5 cxd5 13. Nxg6 hxg6 14. Nb1 Rc8
15. Bd2 O-O 16. Nc3 Nb6 17. Nb5 Qc2 18. Rfd1 a6 19. Nc3 Qxb3 20. axb3 Bb4 21.
Kf2 Rc6 22. g4 Rfc8 23. h4 Kf8 24. Rh1 Ke7 25. h5 gxh5 26. g5 Ne8 27. Rxh5 Nd6
28. Bd3 g6 29. Rh7 Nf5 30. Rah1 Rg8 31. Be1 Rcc8 32. Ke2 Bd6 33. R7h3 Bb4 34.
Na4 Bxe1 35. Nxb6 Rc6 36. Nxd5+ exd5 37. Rxe1 Rb6 38. Bc2 Rc6 39. Kd3 Rgc8 40.
Rh2 Ng7 41. Ra1 Ne6 42. f4 Ng7 43. Bd1 Rc1 44. Rxc1 Rxc1 45. Bf3 Ke6 46. Rh7 Ne8
47. Rh8 Nd6 48. Rd8 Ke7 49. Rh8 Ke6 50. Rh2 Rc6 51. Rh1 Rb6 52. Bd1 Ne4 53. Rh2
Ke7 54. Bc2 Rc6 55. Rh8 Nd6 56. Kd2 Rb6 57. Rb8 Kd7 58. Rg8 Ke7 59. Rh8 Rc6 60.
Rh1 Nf5 61. Bxf5 gxf5 62. Rh7 Rb6 63. Kc2 Rc6+ 64. Kd3 Rb6 65. Kc3 a5 66. Rh6
Rd6 67. Rh8 Rc6+ 68. Kd2 Rb6 69. Kc2 Rc6+ 70. Kb1 Re6 71. Rh3 Rc6 72. Rh2 Re6
73. Rh3 Rc6 74. Ka2 Rc1 75. b4 axb4 76. Kb3 Rb1 77. Rh7 Ke6 78. Rh6+ Ke7 79. Rf6
Re1 80. Kxb4 Rxe3 81. Rxf5 Rf3 82. Ka4 Ke6 83. Rf6+ Ke7 84. Kb4 b6 85. Rf5 Ke6
86. Rf6+ Ke7 87. Kb5 Rb3+ 88. Kc6 Rxb2 89. Kxd5 b5 90. Rb6 Rf2 91. Rb7+ Kf8 92.
Ke5 f6+ 93. gxf6 Rb2 94. Rb8+ Kf7 95. Rb7+ Kf8 96. d5 b4 97. d6 Re2+ 98. Kf5 Rd2
99. d7 1-0

[Event "Bundesliga 2021-22"]
[Site "Berlin GER"]
[Date "2022.07.10"]
[Round "15.4"]
[Board "7"]
[White "Dimitrijeski, Kristian"]
[Black "Ewert, Hannes"]
[Result "1-0"]
[WhiteTitle "CM"]
[BlackTitle "FM"]
[WhiteElo "2137"]
[BlackElo "2273"]
[WhiteTeam "SK Koenig Tegel"]
[BlackTeam "SV Werder Bremen"]
[WhiteFideId "4627229"]
[BlackFideId "12961574"]
[EventDate "2022.03.05"]

1. e4 e5 2. Nf3 Nc6 3. Nc3 Nf6 4. d4 exd4 5. Nxd4 Bb4 6. Nxc6 bxc6 7. Bd3 d5 8.
exd5 cxd5 9. O-O O-O 10. h3 c6 11. Qf3 Rb8 12. Bf4 Bd6 13. b3 Re8 14. Rfe1 Rb4
15. Bxd6 Rxe1+ 16. Rxe1 Qxd6 17. Na4 a5 18. Qe3 Bd7 19. Qa7 g5 20. Qxa5 g4 21.
Qc5 Qb8 22. Qe7 Rf4 23. Nc5 Bc8 24. h4 h6 25. a4 Nh5 26. Qe8+ Kg7 27. Qe5+ 1-0

[Event "Bundesliga 2021-22"]
[Site "Berlin GER"]
[Date "2022.07.10"]
[Round "15.4"]
[Board "8"]
[White "Schulze, Lara"]
[Black "Acikel, Mert"]
[Result "0-1"]
[WhiteTitle "FM"]
[WhiteElo "2316"]
[BlackElo "2177"]
[WhiteTeam "SV Werder Bremen"]
[BlackTeam "SK Koenig Tegel"]
[WhiteFideId "12956830"]
[BlackFideId "12956465"]
[EventDate "2022.03.05"]

1. e4 e5 2. Nf3 Nc6 3. Bc4 Bc5 4. d3 Nf6 5. Bg5 O-O 6. Nc3 Be7 7. a4 d6 8. Bxf6
Bxf6 9. Nd5 Be6 10. a5 a6 11. c3 Rb8 12. Ne3 Ne7 13. Bxe6 fxe6 14. d4 Ng6 15.
O-O Qe7 16. g3 Qf7 17. Kg2 h6 18. Rb1 Rbd8 19. dxe5 Bxe5 20. Qe2 d5 21. Ng4 Bd6
22. e5 Bc5 23. b4 Ba7 24. h4 d4 25. cxd4 Qf5 26. Ngh2 Bxd4 27. b5 Nxe5 28. Nxe5
Bxe5 29. bxa6 bxa6 30. Rfe1 Bc3 31. Qxe6+ Qxe6 32. Rxe6 Bxa5 33. Rxa6 Bb6 34.
Ra2 Rd3 35. Rc2 Bd4 36. Nf1 Rdf3 37. Ne3 Bxe3 38. fxe3 Rxe3 39. Rxc7 Rff3 40.
Rbb7 Rxg3+ 41. Kf2 Ref3+ 42. Ke2 Rf4 43. h5 Rf5 44. Rc8+ Kh7 45. Rbb8 Rxh5 46.
Rh8+ Kg6 47. Rb6+ Kf5 48. Kf2 Rhg5 49. Rf8+ Kg4 50. Rb1 h5 51. Rb4+ Kh3 52. Rff4
R5g4 53. Rxg4 Rxg4 54. Rb1 Kh4 55. Kf3 Rg3+ 56. Kf2 g5 57. Rb4+ Kh3 58. Rb5 h4
59. Rb4 Kh2 0-1

[Event "Bundesliga 2021-22"]
[Site "Berlin GER"]
[Date "2022.07.10"]
[Round "15.5"]
[Board "1"]
[White "Caruana, Fabiano"]
[Black "Van Foreest, Jorden"]
[Result "1/2-1/2"]
[WhiteTitle "GM"]
[BlackTitle "GM"]
[WhiteElo "2781"]
[BlackElo "2714"]
[WhiteTeam "OSG Baden-Baden"]
[BlackTeam "SG Solingen"]
[WhiteFideId "2020009"]
[BlackFideId "1039784"]
[EventDate "2022.03.05"]

1. Nf3 d5 2. b3 Nf6 3. Bb2 e6 4. e3 b6 5. c4 Bb7 6. cxd5 exd5 7. d4 Nbd7 8. Bd3
Bd6 9. O-O Qe7 10. a4 a6 11. Ba3 c5 12. Bf5 O-O 13. Nc3 Rfd8 14. Rc1 Nf8 15. g3
Bc8 16. Bxc8 Raxc8 17. Qe2 Qb7 18. Bb2 Ne6 19. Rfd1 h6 20. Ne5 Re8 21. Ng4 Nxg4
22. Qxg4 cxd4 23. exd4 Be7 24. Rd3 Bf6 25. Rcd1 b5 26. axb5 axb5 27. h4 b4 28.
Ne2 Rc2 29. R3d2 Rxd2 30. Rxd2 Qb5 31. Kg2 Rc8 32. Ng1 Rc3 33. Qd1 Rc7 34. Nf3
h5 35. Re2 g6 36. Ne5 Kg7 37. Re3 Rc8 38. Re1 Rc7 39. Qd2 Qb6 40. Nf3 Ra7 41.
Bc1 Kg8 42. Qd3 Ra1 43. Rd1 Qc7 44. Bb2 Rxd1 45. Qxd1 Qb6 46. Qd3 Kg7 47. Qd2
Kg8 48. Qd3 Kg7 49. Qd2 Kg8 1/2-1/2

[Event "Bundesliga 2021-22"]
[Site "Berlin GER"]
[Date "2022.07.10"]
[Round "15.5"]
[Board "2"]
[White "L'Ami, Erwin"]
[Black "Vachier-Lagrave, Maxime"]
[Result "1/2-1/2"]
[WhiteTitle "GM"]
[BlackTitle "GM"]
[WhiteElo "2621"]
[BlackElo "2761"]
[WhiteTeam "SG Solingen"]
[BlackTeam "OSG Baden-Baden"]
[WhiteFideId "1007998"]
[BlackFideId "623539"]
[EventDate "2022.03.05"]

1. d4 d5 2. c4 dxc4 3. Nf3 Nf6 4. e3 e6 5. Bxc4 a6 6. O-O c5 7. dxc5 Bxc5 8.
Qxd8+ Kxd8 9. Ne5 Ke7 10. Be2 Nbd7 11. Nc4 b6 12. Nbd2 a5 13. Nb3 Ba6 14. Nxc5
bxc5 15. f3 Rhb8 16. e4 Nb6 17. Nxb6 Rxb6 18. Bxa6 Raxa6 19. Rf2 a4 20. Rc2 Nd7 1/2-1/2

[Event "Bundesliga 2021-22"]
[Site "Berlin GER"]
[Date "2022.07.10"]
[Round "15.5"]
[Board "3"]
[White "Vallejo Pons, Francisco"]
[Black "Warmerdam, Max"]
[Result "1-0"]
[WhiteTitle "GM"]
[BlackTitle "GM"]
[WhiteElo "2704"]
[BlackElo "2600"]
[WhiteTeam "OSG Baden-Baden"]
[BlackTeam "SG Solingen"]
[WhiteFideId "2205530"]
[BlackFideId "1048104"]
[EventDate "2022.03.05"]

1. e4 c5 2. Nc3 d6 3. d4 cxd4 4. Qxd4 Nc6 5. Qd2 Nf6 6. b3 e6 7. Bb2 a6 8. O-O-O
b5 9. f3 Be7 10. Kb1 O-O 11. g4 Nd7 12. Nge2 Bb7 13. Ng3 b4 14. Na4 Nc5 15. Nh5
e5 16. Bc4 Nxa4 17. bxa4 Na5 18. Bb3 Rc8 19. Ng3 Qc7 20. Nf5 Rfd8 21. Nxe7+ Qxe7
22. Qxb4 Qc7 23. Rd2 d5 24. Bxe5 Qxe5 25. Qxa5 Qf6 26. exd5 Qxf3 27. Re1 Qxg4
28. d6 Rd7 29. Re7 Rxe7 30. dxe7 Re8 31. Rd8 Bc6 32. Qc5 Qe4 33. Rd6 Bb7 34. Rd4
Qf3 35. Qe5 Kh8 36. Rf4 Qh1+ 37. Kb2 Qxh2 38. Bxf7 1-0

[Event "Bundesliga 2021-22"]
[Site "Berlin GER"]
[Date "2022.07.10"]
[Round "15.5"]
[Board "4"]
[White "Andersen, Mads"]
[Black "Shirov, Alexei"]
[Result "1/2-1/2"]
[WhiteTitle "GM"]
[BlackTitle "GM"]
[WhiteElo "2570"]
[BlackElo "2691"]
[WhiteTeam "SG Solingen"]
[BlackTeam "OSG Baden-Baden"]
[WhiteFideId "1413864"]
[BlackFideId "2209390"]
[EventDate "2022.03.05"]

1. e4 e5 2. Nf3 Nc6 3. Bc4 Bc5 4. c3 Nf6 5. d3 O-O 6. O-O d5 7. exd5 Nxd5 8. Re1
Bg4 9. Nbd2 Nb6 10. h3 Bh5 11. Bb3 Qxd3 12. Nxe5 Qf5 13. Nef3 Rad8 14. Qe2 Nd5
15. Ne4 Bxf3 16. Qxf3 Qxf3 17. gxf3 Be7 18. Rd1 Nf6 19. Bf4 Nxe4 20. fxe4 Bd6
21. Bxd6 Rxd6 22. Rxd6 cxd6 23. Rd1 Rd8 24. f4 Kf8 25. Kf2 Ke7 26. Ke3 h6 27. h4
g5 28. hxg5 hxg5 29. fxg5 Rh8 30. Bd5 Ne5 31. Bxb7 Rb8 32. Bd5 Rxb2 33. Rc1 a5
34. a4 Rg2 35. Rb1 Rg3+ 36. Kd2 Rg2+ 37. Ke3 Rg3+ 38. Kd2 Rg2+ 1/2-1/2